| 000 -LEADER |
| fixed length control field |
00318nam a2200133 4500 |
| 003 - CONTROL NUMBER IDENTIFIER |
| control field |
OSt |
| 005 - DATE AND TIME OF LATEST TRANSACTION |
| control field |
20230713180327.0 |
| 008 - FIXED-LENGTH DATA ELEMENTS--GENERAL INFORMATION |
| fixed length control field |
221104b ||||| |||| 00| 0 eng d |
| 040 ## - CATALOGING SOURCE |
| Original cataloging agency |
|
| 100 ## - MAIN ENTRY--PERSONAL NAME |
| Personal name |
G K Hiraskar |
| 245 ## - TITLE STATEMENT |
| Title |
The great ages of world architecture |
| 260 ## - PUBLICATION, DISTRIBUTION, ETC. (IMPRINT) |
| Name of publisher, distributor, etc |
Dhanpat rai publication |
| 942 ## - ADDED ENTRY ELEMENTS (KOHA) |
| Source of classification or shelving scheme |
|
| Serial record |
1 |